Self-Care : Development and Evaluation of a Self-Care Questionnaire for Patients with Inflammatory Bowel Disease.

Bibliographic Details
Main Author: Lovén Wickman, Ulrica.
Format: eBook
Language:English
Published: Linköping : Linkopings Universitet, 2019.
Edition:1st ed.
Series:Linköping University Medical Dissertations Series
Subjects:
Online Access:Click to View
LEADER 02122nam a22003733i 4500
001 EBC5893081
003 MiAaPQ
005 20240729202202.0
006 m o d |
007 cr cnu||||||||
008 240729s2019 xx o ||||0 eng d
020 |a 9789176850336  |q (electronic bk.) 
035 |a (MiAaPQ)EBC5893081 
035 |a (Au-PeEL)EBL5893081 
035 |a (OCoLC)1119625013 
040 |a MiAaPQ  |b eng  |e rda  |e pn  |c MiAaPQ  |d MiAaPQ 
100 1 |a Lovén Wickman, Ulrica. 
245 1 0 |a Self-Care :  |b Development and Evaluation of a Self-Care Questionnaire for Patients with Inflammatory Bowel Disease. 
250 |a 1st ed. 
264 1 |a Linköping :  |b Linkopings Universitet,  |c 2019. 
264 4 |c {copy}2019. 
300 |a 1 online resource (90 pages) 
336 |a text  |b txt  |2 rdacontent 
337 |a computer  |b c  |2 rdamedia 
338 |a online resource  |b cr  |2 rdacarrier 
490 1 |a Linköping University Medical Dissertations Series ;  |v v.1692 
505 0 |a Intro -- CONTENTS -- ABSTRACT -- LIST OF PAPERS -- ABBREVIATIONS -- PREFACE -- INTRODUCTION -- BACKGROUND -- THEORETICAL FRAMEWORK -- RATIONALE -- AIMS OF THE STUDY -- METHOD -- RESULTS -- DISCUSSION -- CONCLUSIONS -- ACKNOWLEDGEMENTS -- SVENSK SAMMANFATTNING -- Appendix I: ENKÄT OM ANPASSNINGAR OCH EGENVÅRD I VARDAGEN Vid inflammatorisk tarmsjukdom -- Appendix II: QUESTIONNAIRE CONCERNING ADAPTING YOUR LIFE AND ADMINISTERING SELF-CARE Inflammatory bowel disease -- REFERENCES -- Papers. 
588 |a Description based on publisher supplied metadata and other sources. 
590 |a Electronic reproduction. Ann Arbor, Michigan : ProQuest Ebook Central, 2024. Available via World Wide Web. Access may be limited to ProQuest Ebook Central affiliated libraries.  
655 4 |a Electronic books. 
776 0 8 |i Print version:  |a Lovén Wickman, Ulrica  |t Self-Care: the Way to Find Balance in Life  |d Linköping : Linkopings Universitet,c2019 
797 2 |a ProQuest (Firm) 
830 0 |a Linköping University Medical Dissertations Series 
856 4 0 |u https://ebookcentral.proquest.com/lib/matrademy/detail.action?docID=5893081  |z Click to View